| 000 | 00805nam a22002657a 4500 | ||
|---|---|---|---|
| 001 | 8636 | ||
| 003 | FISKH | ||
| 005 | 20251009161851.0 | ||
| 008 | 251007b cb ||||| |||| 00| 0 eng d | ||
| 020 | _a9780545090087 | ||
| 040 |
_aFISKH _beng _cFISKH _dFISKH |
||
| 050 | _aPS3569.T4837 Z85 | ||
| 082 | _a813.54 | ||
| 100 |
_aStine, R. L. _eAuthor |
||
| 245 |
_aWelcome to horrorLand : _bA survival guide |
||
| 260 |
_aNew York : _bScholastic , _c2009 |
||
| 300 |
_a166 pages : _billustrations ; _c20 cm |
||
| 505 | _aJ | ||
| 520 | _aInformation and trivia about Horrorland, the series written by R.L. Stine. Also includes things to do for Halloween. | ||
| 521 | 8 |
_a450
_bLexile estimate |
|
| 521 | 8 |
_aJ
_bRaz-Plus |
|
| 650 |
_aFantasy _vFiction |
||
| 942 |
_2ddc _cBK _n0 |
||
| 999 |
_c8636 _d8636 |
||